U.S. Cities By Map - Statistics

General Stats
  • This quiz has been taken 102 times
  • The average score is 11 of 15
Answer Stats
Picture Answer % Correct
Miami
95%
New York City
95%
Honolulu
93%
Chicago
91%
Detroit
89%
San Francisco
86%
New Orleans
84%
Washington D.C.
80%
Boston
74%
Denver
60%
Milwaukee
54%
Portland
49%
Pittsburgh
47%
Dallas
42%
Charlotte
31%
No matching quizzes found
Score Distribution
Percent of People with Each Score
Percentile by Number Answered
Your Score History
You have not taken this quiz